| 000 | 00422nam a22001817a 4500 | ||
|---|---|---|---|
| 003 | MPLRDC | ||
| 005 | 20220104123629.0 | ||
| 008 | 210129b ||||| |||| 00| 0 eng d | ||
| 020 | _a7-80523-646-1 | ||
| 082 | _a236.9 WYJ | ||
| 100 | _a伍义江编著 | ||
| 245 |
_a伍柳正宗 _c |
||
| 250 | _a一版一刷 | ||
| 260 |
_a _b巴蜀书社 _c1994 |
||
| 300 | _b平 | ||
| 650 | _a道教宗派 | ||
| 942 |
_cBK _o236.9 WYJ |
||
| 999 |
_c12937 _d12927 |
||